000 00506nam a2200169 a 4500
005 20260322212050.0
008 data
020 _a9781616512545
092 _a158.1 Usi 2011
110 2 _aSaddleback Educational Publishing
245 1 0 _aUsing technology, information, and media.
_cSaddleback Educational Publishing.
260 _aIrvine, CA :
_bSaddlebak Edcuational Publishing,
_c2011.
300 _axvi, 72 pages : illustrations ;
_b28 cm.
650 0 _aLife skills
650 0 _aSocial skills
001 data
999 _c1172
_d1172